000 01323nam a22003497a 4500
003 CHAP
005 20220329143315.0
008 080423d2007 mx r 00110 spa d
010 _a94739
011 _a95711
035 _a106340
040 _cCHAP
090 _aTesis
100 1 _aJiménez Mendoza, Ma. Eugenia.
_961592
245 1 0 _aEvaluación de cuatro niveles de inclusión de suero de leche de vaca en la alimentación de cerdos (finalización)
_c/por Ma. Eugenia Jiménez Mendoza
260 _aCocula, Gro. :
_bEl autor,
_c2007
300 _a46 h. :
_bilus. ; gráfs. ; cuadros
502 _aTesis (Ing. Agr. Zootecnista) -- Colegio Superior Agropecuario del Estado de Guerrero. Centro de Estudios Profesionales
590 _aALEPH
_b10
_c20130110
_lUCH01
_h1522
590 _aBATCH-UPD
_b10
_c20130110
_lUCH01
_h1057
590 _aBATCH-UPD
_b10
_c20130410
_lUCH01
_h0651
590 _aBATCH-UPD
_b10
_c20130914
_lUCH01
_h1523
590 _aCONVERSION
_b10
_c20130109
_lUCH01
_h1352
650 1 4 _aDigestión.
_932567
650 1 4 _aGanado porcino
_xAlimentación.
_945329
650 1 4 _aGanado porcino
_xCrecimiento.
_945349
650 1 4 _aSuero.
_9110585
650 1 4 _aSuero
_xValor nutritivo.
_9110586
901 _aBK
942 _cTESIS
949 _aTesis
_bBC
_cTES
_d33724002041256
_eTS1
_gDonacion
_h47630
_i106340
_sb
999 _c94739
_d94739